XI Roku 2009 wg. Tygodnika "Piłka Nożna" (spoza Europy) - Statystyki

Ogólne statystyki
  • Ten quiz został rozwiązany 146 razy
  • Średni wynik to 9 z 11
Statystyki odpowiedzi
Pozycja Kraj Klub Zawodnik % Poprawnych
ŚPO Brazylia Milan / Real Kaka
98%
PS Argentyna Barcelona Lionel Messi
98%
PO Brazylia Barcelona Dani Alves
96%
ŚN WKS Chelsea Didier Drogba
95%
ŚPD Ghana Chelsea Michael Essien
92%
ŚN Urugwaj Atletico Diego Forlan
88%
BR Brazylia Inter Julio Cesar
83%
ŚO WKS Arsenal / Man City Kolo Toure
80%
ŚPO Brazylia Milan Ronaldinho
74%
ŚO Brazylia Inter Lucio
65%
LO Peru Fiorentina Juan Manuel Vargas
4%
Nie znaleziono quizów pasujących do podanych kryteriów
Rozkład punktacji
Procent ludzi z każdym wynikiem
Percentyl według liczby udzielonych odpowiedzi
Twoja historia wyników
Nie rozwiązałeś tego quizu